LEADER 01303nam0 22002771i 450 001 UON00259277 005 20231205103705.503 100 $a20041203d1960 |0itac50 ba 101 $apor 102 $aPT 105 $a||||e ||||| 200 1 $aDicionário de iconografia portuguesa$e(retratos de portugueses e de estrangeiros em relaçoes com Portugal). 5., 2° suplemento: A-Z$fpor Ernesto Soares 210 $aLisboa$cInstituto de Alta Cultura$d1960 215 $a517 p., [2] c. di tav.$cill.$d28 cm 316 $aDono dell'Instituto de Alta Cultura$5IT-UONSI S.CIII E/024 606 $aICONOGRAFIA$xPortogallo$xEnciclopedie e dizionari$3UONC055405$2FI 606 $aUOMINI CELEBRI PORTOGHESI$xLitografie$xDizionari$3UONC055933$2FI 676 $a413.1$cDizionari specializzati$v21 700 1$aSOARES$bErnesto$3UONV151600$0467053 712 $aInstituto de Alta Cultura$3UONV270520$4650 801 $aIT$bSOL$c20240220$gRICA 899 $aSIBA - SISTEMA BIBLIOTECARIO DI ATENEO$2UONSI 912 $aUON00259277 950 $aSIBA - SISTEMA BIBLIOTECARIO DI ATENEO$dSI S.C III E 024 $eSI MR 73078 6 024 Dono dell'Instituto de Alta Cultura 996 $aDicionário de iconografia portuguesa$91238047 997 $aUNIOR